000 00612cam a22001817a 4500
008 180718b1995 xxu||||| |||| 00| 0 eng d
082 _aA99 T198/B21/95/1
100 _aBall, V.
245 _aTravels in India by Jean-Baptiste Tavernier
_cby V. Ball and edited by William Crooke
250 _a2nd ed.
260 _aNew Delhi
_bMunshiram Manoharlal
_c1995
300 _a2v.
500 _aContents: v.1 335p.;v.2 399p.
650 _aIndia - Description and travel - 1641-1667
650 _aTravelers - India - 1641-1667
650 _aTavernier, Jean-Baptiste - Travel - 1641-1667
700 _aCrooke, William
999 _c394516
_d394516